Sports Quiz

Random Sports or NFL Quiz

Big 4 Consecutive Championship Losers Quiz Stats

 Plays Quiz Updated Oct 28, 2018

Challenge
Share
Tweet
Embed
Score 0/39 Timer 03:00
21 Plays Today
Years Team % Correct
NFLBuffalo Bills
88.1%
NBALos Angeles Lakers
87.9%
NBALos Angeles Lakers
87.9%
NBALos Angeles Lakers
87.9%
NBALos Angeles Lakers
87.8%
NBACleveland Cavaliers
85%
MLBNew York Yankees
84.9%
MLBNew York Yankees
84.9%
MLBLos Angeles Dodgers
81.9%
MLBTexas Rangers
77.9%
MLBNew York Giants
77.8%
MLBNew York Giants
77.8%
MLBNew York Giants
77.8%
NFLNew York Giants
77.7%
NFLNew York Giants
77.7%
NHLMontreal Canadiens
66.8%
NHLMontreal Canadiens
66.8%
NHLDetroit Red Wings
65.8%
NHLDetroit Red Wings
65.8%
NHLDetroit Red Wings
65.8%
Years Team % Correct
MLBLos Angeles Dodgers
64.9%
MLBBrooklyn Dodgers
64.9%
NHLBoston Bruins
63.8%
NHLBoston Bruins
63.8%
NHLToronto Maple Leafs
62.9%
NHLToronto Maple Leafs
62.9%
MLBAtlanta Braves
62.4%
NHLToronto Maple Leafs
62%
NFLMinnesota Vikings
59.2%
NBAUtah Jazz
59%
NFLDenver Broncos
58.7%
NFLCleveland Browns
52.3%
NBANew Jersey Nets
49.6%
NBAFort Wayne Pistons
48.6%
NBANew York Knicks
45.3%
MLBDetroit Tigers
41.9%
NHLSt. Louis Blues
32.9%
NBASt. Louis Hawks
29.5%
NFLLos Angeles Rams
29.2%

You're not logged in!

Compare scores with friends on all Sporcle quizzes.
OR
Log In

You Might Also Like...

Show Comments

Extras

Top Quizzes Today


Score Distribution

Your Account Isn't Verified!

In order to create a playlist on Sporcle, you need to verify the email address you used during registration. Go to your Sporcle Settings to finish the process.

Report this User

Report this user for behavior that violates our Community Guidelines.

Details: